000 00839nam a22002657a 4500
001 4067
003 FISKH
005 20250403105059.0
008 240605b cb ||||| |||| 00| 0 eng d
020 _a9780545372312
040 _aFISKH
_beng
_cFISKH
_dFISKH
050 _aPZ7.P2843
082 _a813.54
100 _aPaulsen Gary
_d1939-2021
245 _aNotes from the dog /
_cGary Paulsen
260 _aNew York :
_bScholastic,
_c2011
300 _a133 pages :
_c20 cm
505 _aM
520 _aWhen Johanna shows up at the beginning of summer to house-sit next door to Finn, he has no idea of the profound effect she will have on his life by the time summer vacation is over.
521 8 _a769
_bLexile
521 8 _aM
_bRaz-Plus
700 _aGary Paulsen
942 _2ddc
_cBK
_n0
999 _c4067
_d4067